书目信息 |
| 题名: |
古代汉语
|
|
| 作者: | 郭锡良 编著 | |
| 分册: | 中册 | |
| 出版信息: | 北京 北京出版社 1983.06 |
|
| 页数: | 379-720页 | |
| 开本: | 19cm | |
| 丛书名: | ||
| 单 册: | ||
| 中图分类: | H109.2 | |
| 科图分类: | ||
| 主题词: | 汉语 | |
| 电子资源: | ||
| ISBN: | ||
| 000 | 00521nam0 2200193 45 | |
| 001 | 0310081525 | |
| 005 | 20060804163034.03 | |
| 010 | @dCNY1.30 | |
| 091 | @a9071.74 | |
| 100 | @a20031008d1983 km y0chiy0120 ea | |
| 101 | 0 | @achi |
| 200 | 1 | @a古代汉语@h中册@AGu Dai Han Yu@f郭锡良等编著@FGuo Xi Liang Deng Bian Zhu |
| 210 | @a北京@c北京出版社@d1983.06 | |
| 215 | @a379-720页@d19cm | |
| 606 | 0 | @a汉语 |
| 690 | @aH109.2@v3 | |
| 701 | 0 | @a郭锡良@4编著 |
| 801 | @aCN@bTSTC@c20060804 | |
| 905 | @dH109.2@e1:2@f1@b60247@b60243@f1 | |
| 古代汉语.中册/郭锡良等编著.-北京:北京出版社,1983.06 |
| 379-720页;19cm |
| ISBN :CNY1.30 |
| ● |
| 相关链接 |
|
|
|
|
正题名:古代汉语
索取号:H109.2/1:2
 
预约/预借
| 序号 | 登录号 | 条形码 | 馆藏地/架位号 | 状态 | 备注 |
| 1 | 0060243 | 001653543 | 第四借阅区/ [索取号:H109.2/1:2] | 在馆 | |
| 2 | 0060245 | 001672522 | 密集书库/ [索取号:H109.2/1:2] | 在馆 | |
| 3 | 0060247 | 001653589 | 第四借阅区/ [索取号:H109.2/1:2] | 在馆 | |
| 4 | 0089473 | 202075324 | 第二样本阅览室/ [索取号:H109.2/1:2] | 在馆 | |
| 5 | 0435978 | 204359782 | 密集书库/ [索取号:H109.2/1:2] | 在馆 | |
| 6 | 0444611 | 204446117 | 密集书库/ [索取号:H109.2/1:2] | 在馆 | |
| 7 | 0444612 | 204446126 | 密集书库/ [索取号:H109.2/1:2] | 在馆 |